000 01256nam a2200301 i 4500
003 EG-GICUC
005 20260121101516.0
008 251217s1985 ua ||||fr|||| 00| 0 ara d
017 _a1984/5792
040 _a EG-GICUC
_bara
_c EG-GICUC
_d EG-GICUC
_erda
041 0 _aara
082 0 4 _221
_a343.47
_bح ا . ش
092 0 4 _221
099 _aLaw1 10 343.47 ح ا . ش 1985
100 0 _aحامد عبد الحليم الشريف
_eمؤلف.
245 1 0 _aشرح جرائم المحلات :
_bجرائم تراخيص المحال الصناعية والتجارية والمحال العامة والملاهي فقهاً وقضاء طبقاً لأحدث التعديلات /
_cالدكتور حامد عبد الحليم الشريف.
264 1 _aالقاهرة :
_bتوزيع المكتبة القانونية،
_c1985.
300 _a360 ؛صفحة
_c24 سم.
336 _2rda content
_atext
337 _2rda media
_aComputer
338 _2rda carrier
_aOnline Resource
546 _aالنص باللغة العربية
650 1 4 _aتشريعات جنائية خاصة أخرى
650 1 4 _aالقانون الجنائي
856 4 0 _uhttps://fll.law.cu.edu.eg/fulltext/bks/B10-06659.pdf
905 _a77
942 _2ddc
_cBK
_e21
_n0
999 _c51143
_d51143